000 02443nam2a2200361 4500
001 RU\NLR\BIBL_A\012879081
005 20250624211610.0
021 _aRU
_b2022-44414
_9КН-П-3839
035 _a(RuMoRGB)011136014
035 _a(NLR Aleph) 012879081
090 _a12513688
_c12513688
100 _a20220831d2022 |||y0rusy50 ca
101 0 _arus
_aeng
102 _aRU
105 _ac|||z|||1||z|
200 1 _aОсуществление уголовной юрисдикции Германии и международное право
_dExercise of criminal jurisdiction by Germany and international law
_e[лекции 2021 года]
_fМанфред Даустер
_zeng
210 _d2022
_aБ. м.
215 _a192 с.
_cпортр.
300 _aАвт. также на англ. яз.: Manfred Dauster
300 _aНа 7-й с. авт.: Манфред Даустер имеет доктор. степень в обл. конституцион. права
320 _aБиблиогр.: с. 174-192 и в тексте примеч.
461 0 _1001RU\NLR\BIBL_A\012451676
_12001#$aЛекции летней школы по международному публичному праву$dCourses of the summer school on public international law$fЦентр международных и сравнительно-правовых исследований$zeng$vТ. 13
_911978659
_cМосква
_d2020
_fЦентр международных и сравнительно-правовых исследований
_lCourses of the summer school on public international law
_nЦентр международных и сравнительно-правовых исследований
_tЛекции Летней школы по международному публичному праву
_vТ. 13
510 1 _6z55790
_aExercise of criminal jurisdiction by Germany and international law
_zeng
606 1 _aМеждународное право
_jУчебные издания
_xНормы
_xВзаимодействие с национальными правовыми системами
_92457552
_3RU\NLR\AUTH\661460623
686 1 _aХ91г(4Г)я7-2
686 1 _aХ893.9(4Г)2я7-2
701 1 _aДаустер
_bМ.
_gМанфред
790 1 _6z55510
_aDauster
_bM.
_gManfred
942 _cBOOK
980 _aNB